| 000 | 01339nab a2200229 i 4500 | ||
|---|---|---|---|
| 001 | 768714001 | ||
| 003 | CO-MdFUSB | ||
| 005 | 20240506124243.0 | ||
| 008 | 240506t1968 sp ||||| |||| 00| 0 spa d | ||
| 040 |
_bspa _cCO-MdFUSB _dCO-MdFUSB |
||
| 041 | _aspa | ||
| 100 |
_aSchuster, Heinz, _eautor |
||
| 245 |
_aPredicación y medios de comunicación social _c/ H. Schuster , K. Hoffmann |
||
| 520 | _aEste artículo estudia la relación de la iglesia y como transmite su mensaje. Teniendo en cuenta, la era actual de interacción entre sociedades humanas, parece que la iglesia está más confundida que antes en su misión de predicación. En el desempeño de su tarea de proclamar la palabra de Dios, ya sea en una comunidad religiosa o en un ambiente pagano, la iglesia a lo largo de la historia siempre ha sabido aprovechar la situación y los medios de comunicación. disponer sin dudarlo, pero también sin teorías grandiosas | ||
| 650 | 7 |
_aTeología pastoral _9227 |
|
| 650 | 0 |
_aPredicación _954 |
|
| 653 | _aMedios de comunicación social | ||
| 700 |
_aHoffmann, Karlheinz, _eautor |
||
| 773 | 0 |
_049450 _982593 _oR2523 _tRevista internacional de teología Concilium _w(CO-MdFUSB)8 _x0210-1041 _gNúmero 33, (marzo, 1968), páginas: 507 - 516 _qpágina: 507 |
|
| 942 | _cANA | ||
| 945 | _aCatherine Arias Alvarez - Practicante SENA | ||
| 999 |
_c69524 _d69524 |
||